Images That Start with 'X' or 'Y' Quiz Stats

Quiz Updated Nov 8, 2017

Challenge
Share
Tweet
Score 0/20 Timer 04:00
1 Play Today
% Correct
yo-yo
99.5%
X-ray
99.3%
yoga
98.2%
yogurt
97.7%
yacht
95.3%
yarn
94.3%
yolk
93.1%
xylophone
92%
yak
89.5%
yellow
86%
% Correct
yams
85%
Xerox
81%
yorkie
74.6%
Yen
74.4%
xenon
73.8%
yeast
69.7%
yoke
52.2%
yurt
37.3%
xi
30.1%
yew
20.2%

You're not logged in!

Compare scores with friends on all Sporcle quizzes.
Sign Up with Email
OR
Log In

You Might Also Like...

Show Comments

Extras

Top Quizzes Today


Score Distribution

Your Account Isn't Verified!

In order to create a playlist on Sporcle, you need to verify the email address you used during registration. Go to your Sporcle Settings to finish the process.